000 00384nam a2200109Ia 4500
008 160909s9999 xx 000 0 und d
100 _aZhang, Li
245 _aInternational Branch Campuses in China: Quest for Legitimacy
260 _bState University of New York at Albany
_c2016
650 _aFINANCIAL MANAGEMENT
856 _uhttp://pqdtopen.proquest.com/doc/1793408129.html?FMT=ABS
999 _c304627
_d304627